书目信息 |
| 题名: |
蚕业译丛
|
|
| 作者: | ;中国农业科学院蚕业研究所 主编 | |
| 分册: | 二 | |
| 出版信息: | 北京 农业出版社 1982 |
|
| 页数: | 89页 | |
| 开本: | 26cm | |
| 丛书名: | 《世界农业》丛刊 | |
| 单 册: | ||
| 中图分类: | S88-53 | |
| 科图分类: | ||
| 主题词: | 蚕桑生产--文集 | |
| 电子资源: | ||
| ISBN: | ||
| 000 | 00699nam2 2200241 45 | |
| 001 | 0182000265 | |
| 005 | 20060820151252.68 | |
| 010 | @dCNY0.66 | |
| 091 | @a16144.2412 | |
| 100 | @a19960215d1982 em y0chiy0121 ea | |
| 101 | 0 | @achi |
| 102 | @aCN@b110000 | |
| 105 | @ay z 000yy | |
| 200 | 10 | @a蚕业译丛@Acan ye yi cong@h二@f中国农业科学院蚕业研究所主编 |
| 210 | @a北京@c农业出版社@d1982 | |
| 215 | @a89页@d26cm | |
| 225 | 2 | @a《世界农业》丛刊 |
| 410 | 0 | @120010@a《世界农业》丛刊 |
| 606 | @a蚕桑生产@x文集 | |
| 690 | @aS88-53@v3 | |
| 711 | 02 | @a中国农业科学院蚕业研究所@Azhong guo nong ye ke xue yuan can ye yan jiu suo@4主编 |
| 801 | 0 | @aCN@bTSSF@c20060820 |
| 905 | @a10447@dS88-53@e43:2 | |
| 蚕业译丛.二/中国农业科学院蚕业研究所主编.-北京:农业出版社,1982 |
| 89页;26cm.-(《世界农业》丛刊) |
| ISBN :CNY0.66 |
| ● |
| 相关链接 |
|
|
|
|
正题名:蚕业译丛
索取号:S88-53/43:2
 
预约/预借
| 序号 | 登录号 | 条形码 | 馆藏地/架位号 | 状态 | 备注 |
| 1 | 0458643 | 204586439 | 密集书库/ [索取号:S88-53/43:2] | 在馆 | |
| 2 | 0470404 | 204704043 | 密集书库/ [索取号:S88-53/43:2] | 在馆 |